Κατάλογος Βιβλιοθηκών Mediterranean College

How Experienced Therapists Experience Their Personal Therapy and Evaluate Its' Impact in Their Clinical Practice/MSc Integrative Counselling and Psychotherapy: Individual Research Project (Record no. 8423)

MARC details
000 -LEADER
fixed length control field 01501cam a22001934a 4500
005 - ΗΜΕΡΟΜΗΝΙΑ ΚΑΙ ΩΡΑ ΤΕΛΕΥΤΑΙΑΣ ΕΝΗΜΕΡΩΣΗΣ
Πεδίο ελέγχου 20250605164335.0
008 - FIXED-LENGTH DATA ELEMENTS--GENERAL INFORMATION
Πεδίο ελέγχου σταθερού μήκους 250528s ||||||||||||||||||||||||d
035 ## - SYSTEM CONTROL NUMBER
System control number 23400
040 ## - ΠΗΓΗ ΚΑΤΑΛΟΓΟΓΡΑΦΗΣΗΣ
Φορέας πρωτότυπης καταλογογράφησης MC Athens Campus Library
Γλώσσα καταλογογράφησης Ελληνικά, Μοντέρνα (1453-)
Modifying agency MC Athens Campus Library
Κανόνες περιγραφικής καταλογογράφησης AACR2
245 1# - ΤΙΤΛΟΣ ΚΑΙ ΔΗΛΩΣΗ ΥΠΕΥΘΥΝΟΤΗΤΑΣ
Τίτλος How Experienced Therapists Experience Their Personal Therapy and Evaluate Its' Impact in Their Clinical Practice/MSc Integrative Counselling and Psychotherapy: Individual Research Project
260 ## - PUBLICATION, DISTRIBUTION, ETC.
Date of publication, distribution, etc. 2019
300 ## - PHYSICAL DESCRIPTION
Extent 102
520 ## - SUMMARY, ETC.
Summary, etc. Abstract, Introduction, Personal motivation, Aims and Objectives, Research Questions, Rational for the Current Research, Literature Review, History on Therapists' Personal Therapy/ Position of Theoretical Approaches, Prevalence of Personal Therapy, Why Therapists Go to Therapy or Not, Positive and Negative Experiences of Therapists of Their Personal Therapy, Impact of Therapist's Personal Therapy in Clinical Practice, Therapist's Therapy and Client Outcome, Methodology, Design, Epistemology, A Qualitative Approach, Interpretative Phenomenological Analysis, Reflexivity, Method, Participants, Procedure, Collection of Data, Ethics, Analytic Strategy, Personal Therapy as a Means for Personal Growth, Personal Therapy as a Means for Professional Growth, The Therapist's Personal Therapy has an Impact on the Client's Progress, Discussion, Summary and Conclusion, References, Appendices.
700 1# - ΠΡΟΣΘΕΤΗ ΑΝΑΓΡΑΦΗ--ΦΥΣΙΚΟ ΠΡΟΣΩΠΟ
Personal name Boura Eugenia
9 (RLIN) 8968
700 1# - ΠΡΟΣΘΕΤΗ ΑΝΑΓΡΑΦΗ--ΦΥΣΙΚΟ ΠΡΟΣΩΠΟ
Personal name Feridou Chrysoula
9 (RLIN) 8969
942 ## - ADDED ENTRY ELEMENTS (KOHA)
Koha item type Διπλωματική εργασία
Holdings
Τύπος τεκμηρίου Βιβλιοθήκη Τρέχουσα τοποθεσία Barcode Ημερομηνία απόκτησης Ταξιθετικό σύμβολο Αριθμός αντιτύπου Κατάσταση απόσυρσης Κατάσταση χαμένου Κατάσταση κατεστραμμένου Μη δανεισμός Σύνολο δανεισμών Ημερομηνία τελευταίας εμφάνισης Η τιμή ισχύει από
Διπλωματική εργασία MC Athens Campus Library MC Athens Campus Library 9780000084224 05/06/2025 PSY 2019 (24) 1           05/06/2025 05/06/2025

MC Athens Campus Library
Πατησίων 94 & Κοδριγκτώνος 13, 104 34
Πελλήνης 8 & Πατησίων 107, 112 51
Τ: +30 210 8899600

MC Thessaloniki Campus Library
Ίωνος Δραγούμη 21, 54625 | Ίωνος Δραγούμη 15, 54625
Τ: +30 2310 287779 – Τ: +30 2314 440300